00323nam a22001337a 4500003000400000005001700004008004100021020001800062040000700080100001900087245002800106260003100134300002400165OSt20240807173357.0240807b xxu||||| |||| 00| 0 eng d a9780545484862 cRU aMeadows, Daisy aTyra the Designer Fairy aUSAbScholastic Inc.c2012 a69p.bill. ; c21cm